000 00768nam a2200265Ia 4500
001 Para_4798
003 CHAP
008 220125s1921 xx 000 0 und d
010 _a203174
040 _cCHAP
090 _aPA FOLLETO 2200
100 _aSeverin, H. C.
_9105395
245 _aClothes moths /
_c H. C. Severin
260 _aBrookings :
_b Office of the State Entomologist of South Dakota
300 _a10 p.
440 _aSouth Dakota Office of the State Entomologist Circular; 21
_9168815
650 _aTinea pellionella Plagas domésticas
_9168816
901 _aPA FOLLETO 2200
902 _aA
905 _a0000001921 BRO 0000000000 00
910 _a1921
942 _cPARA
942 _cPARA
_d1
999 _c203174
_d203174